| 000 | 00422nam a22001457a 4500 | ||
|---|---|---|---|
| 999 |
_c530099 _d530099 |
||
| 003 | NUST | ||
| 020 |
_a9789699515231 _qH/B. |
||
| 038 | _awaseem | ||
| 082 |
_a330 _bMEH |
||
| 100 |
_aMehar, Ayub _923449 |
||
| 245 |
_aCommon Sense Economics: _bWhat Everyone Should Know about Wealth and Prosperity / _cAyub Mehar |
||
| 260 |
_aIslamabad : _bEconomic Freedom Network Pakistan, _c2012. |
||
| 300 | _a199 p. ; | ||
| 942 |
_2ddc _cBK |
||